=LDR 00000nam 2200000 4500 =001 INLIS000000000010973 =005 20260609110554 =035 ##$$a 0010-061300000010973 =008 260609################g##########0#ind## =041 ##$$a Ind =082 ##$$a 692.8 =090 ##$$a 692.8, Jum-p =100 ##$$a Jumialji, FX =245 1#$$a Perjanjian pemborongan /$c FX. Djumialdji, S.H. =260 ##$$a Rineka Cipta :$b Jakarta,$c 1991 =300 ##$$a vii, 188 hlm. : $b ilus. ; $c 21 x 15 Cm. =650 #4$$a Pemborongan Pekerjaan Bangunan =850 ##$$a NBPNMAT =020 ##$$a 979-518-218-8 =084 ##$$a 692.8 JUM p =250 ##$$a Cet. 2 =990 ##$$a 44292/Pro-92 =990 ##$$a 77.186/Pro-94 =990 ##$$a 77.188/Pro-94 =990 ##$$a 84.917/Pro-95 =990 ##$$a 84.918/Pro-95 =990 ##$$a 77.188/Pro-94 =990 ##$$a 44292/Pro-92 =990 ##$$a 77.186/Pro-94 =990 ##$$a 84.917/Pro-95 =990 ##$$a 84.918/Pro-95 =990 ##$$a 00390039 =990 ##$$a 25.454/pb-87 =990 ##$$a 44292/Pro-92 =990 ##$$a 77.186/Pro-94 =990 ##$$a 77.188/Pro-94 =990 ##$$a 84.917/Pro-95 =990 ##$$a 84.918/Pro-95